000 00835nam a2200253 a 4500
001 000019519
005 20200929170037.0
008 751014s1962 sp 001 f spa d
035 _aOCLC ocm01702745 from D970522T
040 _aDO-SdBNP
_cVA@
_dEQO
_dBNPHU
082 _a863.6
_bG633h
100 1 _aGómez de la Serna, Ramón,
_d1888-1963
_914278
245 1 3 _aEl hombre perdido /
_cRamón Gómez de la Serna.
260 _aMadrid :
_bEspasa-Calpe,
_c1962.
300 _a329 p. ;
_c18 cm.
490 1 _aAustral. Azul: novelas y cuentos en general
_v1330
500 _aIncluye índice de autores
650 4 _aNovela española
_91123
650 4 _aLiteratura española
_9632
830 0 _aAustral.
_pAzul: novelas y cuentos en general;
_v1330
_922386
910 _aCatalogación derivada /Oxford
910 _aWM
049 _aBNGR
999 _c19035
_d19035